Anglicko český právnický slovník

Podrobná bibliografia
Hlavný autor: Chromá, Marta, 1958- (Autor)
Médium: Kniha
Jazyk:angličtina
čeština
Fyzický popis:341 s. 21 cm
Vydavateľské údaje: Praha Leda 2004
ISBN:808592725X
Vydanie:2. upr. vyd., dotisk
Predmet:

MARC

LEADER 00000nam a2200000 a 4500
001 vtls008414434
003 SK-MaSNL
005 20260426004938.0
008 240318s2004 xr f d 000 0 eng
020 |a 808592725X  |q (viaz.) 
040 |a SNK  |b slo  |c SNK  |e AACR2 
041 0 |a eng  |a cze 
044 |a xr  |c CZ 
072 7 |a 81  |x Jazykoveda. Jazyky  |2 konspekt 
072 7 |a 34  |x Právo  |2 konspekt 
080 |a 811.162.3  |2 2001 
080 |a 811.111  |2 2001 
080 |a 81`373.46  |2 2001 
080 |a 34  |2 2001 
080 |a (038)81  |2 2001 
100 1 |a Chromá, Marta,  |d 1958-  |4 aut  |9 90289 
245 1 0 |a Anglicko český právnický slovník  |c Marta Chromá 
246 3 1 |a English Czech law dictionary 
250 |a 2. upr. vyd., dotisk 
260 |a Praha  |b Leda  |c 2004 
300 |a 341 s.  |c 21 cm 
650 0 7 |a angličtina  |2 SNKPH  |9 1260 
650 0 7 |a čeština  |2 SNKPH  |9 1319 
650 0 7 |a právo  |2 SNKPH  |9 976 
650 0 7 |a odborná terminológia  |2 SNKPH  |9 3616 
655 7 |a dvojjazyčné prekladové slovníky  |2 SNKPH  |9 70744 
655 7 |a terminologické slovníky  |2 SNKPH  |9 70504 
919 |a 80-85927-25-X 
999 |c 995263  |d 997193 
952 |t snkCHR 34(038)  |a SNKUST  |b SNKUST  |y PREZ  |7 0  |p 17A0464768  |o snkIC 132952  |i snk2005/20803  |8 3  |g 8.46  |0 0  |1 0  |4 0  |d 2005-12-07  |l 0  |r 2025-04-29 00:00:00  |w 2026-02-24